| 000 | 01039cam a2200265 i 4500 | ||
|---|---|---|---|
| 003 | SA-RiAUC | ||
| 005 | 20241202131316.0 | ||
| 008 | 241130s2002 su g 000 0 ara c | ||
| 020 | _a9960386813 | ||
| 040 |
_aSA-RiIMS _bara _cSA-RiAUC _dKAC _erda |
||
| 082 | 0 | 4 |
_a227.2 _qSA-RiAUC |
| 090 |
_a227.2 _bط ي ا |
||
| 100 | 1 |
_aالطيار، مساعد بن سليمان بن ناصر، _d1384 هجري- _eمؤلف. |
|
| 245 | 1 | 0 |
_aأنواع التصنيف المتعلقة بتفسير القرآن الكريم / _cمساعد بن سليمان بن ناصر الطيار. |
| 250 | _aالطبعة الثانية، مصححة. | ||
| 264 | 1 |
_aالدمام، السعودية : _bدار ابن الجوزي، _c2002 |
|
| 300 |
_a230 صفحة ؛ _c18 سم |
||
| 336 |
_aنص _btxt _2rdacontent _3كتاب |
||
| 337 |
_aبدون وسيط _bn _2rdamedia |
||
| 338 |
_aمجلد _bnc _2rdacarrier |
||
| 630 | 2 | 7 |
_aالقرآن _xتفسير _2aucut |
| 730 | 2 | 2 | _aالقرآن |
| 942 |
_2ddc _cBOOK _n0 |
||
| 949 |
_aSA-JeALM _d241130 _umohamedma123 _n1 |
||
| 999 |
_c2922 _d2922 |
||